Hellhound on my trail #5 / J.D. Rhoades.
Available copies
- 1 of 1 copy available at LARL/NWRL Consortium.
- 1 of 1 copy available at Northwest Regional Library. (Show preferred library)
Current holds
0 current holds with 1 total copy.
Show Only Available Copies
| Location | Call Number / Copy Notes | Barcode | Shelving Location | Status | Due Date |
|---|---|---|---|---|---|
| Roseau Public Library | RHO (Text) | 35500005848823 | Main | Available | - |
Record details
- ISBN: 1943818231
- ISBN: 9781943818235
- Physical Description: 251 p. : 24 cm
- Publisher: [Hoboken, NJ] : Polis Books, 2017.
Content descriptions
| Summary, etc.: | Jack Keller is back in the desert, trying to make ... Read More |
Search for related items by subject
| Subject: | Keller, Jack (Fictitious character) > Fiction. Bounty hunters > Fiction. |
| Genre: | Suspense fiction. Mystery fiction. |
Search for related items by series
| LDR | 01429cam a2200325Ia 4500 | ||
|---|---|---|---|
| 001 | 251239 | ||
| 003 | LARL_NWRL_CONSORTIUM | ||
| 005 | 20170404152731.0 | ||
| 008 | 160608s2017 nju 000 1 eng d | ||
| 010 | . | ‡a 2016952317 | |
| 040 | . | ‡aYDXCP ‡beng ‡cYDXCP ‡dBDX ‡dBTCTA ‡dMR0 ‡dOCLCO ‡dNRG | |
| 020 | . | ‡a1943818231 | |
| 020 | . | ‡a9781943818235 | |
| 035 | . | ‡a(OCoLC)951453013 | |
| 049 | . | ‡aNRGA | |
| 100 | 1 | . | ‡aRhoades, J. D., ‡d1962- ‡0(LARL_NWRL_CONSORTIUM)192277 |
| 245 | 0 | 0. | ‡aHellhound on my trail ‡n#5 / ‡cJ.D. Rhoades. |
| 260 | . | ‡a[Hoboken, NJ] : ‡bPolis Books, ‡c2017. | |
| 300 | . | ‡a251 p. : ‡c24 cm | |
| 490 | 0 | . | ‡aJack Keller ; ‡v5 |
| 520 | . | ‡aJack Keller is back in the desert, trying to make a new life for himself and trying to heal from deep wounds, both physical and emotional. But trouble has a way of finding Jack. When he rescues a stranger from being beaten and robbed in a parking lot, the man claims to be carrying a message from the father who abandoned him years ago--a man who claims to have the secret behind the trauma Keller suffered in the first Gulf War. | |
| 650 | 0. | ‡aKeller, Jack (Fictitious character) ‡vFiction. | |
| 650 | 0. | ‡aBounty hunters ‡vFiction. ‡0(LARL_NWRL_CONSORTIUM)163748 | |
| 655 | 7. | ‡aSuspense fiction. ‡2gsafd | |
| 655 | 7. | ‡aMystery fiction. ‡2gsafd | |
| 905 | . | ‡ubacont | |
| 901 | . | ‡a251239 ‡b ‡c251239 ‡tbiblio ‡soclc | |

Add to basket
Permalink
Disable Highlighting